000 00587nam a22001937a 4500
005 20251108164916.0
008 250721s1986 xx 000 0 ara d
082 1 4 _a811.962/أحم
100 1 _aزرزور، أحمد
245 1 0 _aالدخول في مدائن النعاس /
264 1 _aالقاهرة :
_bالهيئة المصرية العامة للكتاب،
_c1986.
300 _a75ص
490 0 _aالإبداع العربي : شعر
650 1 7 _aالشعر العربي
650 1 7 _aالعصر الحديث
650 1 7 _aمصر
942 _2ddc
_cBK
999 _c17211
_d17211